00609nam a2200181 a 450000100060000000300090000600800410001504000280005608200180008410000560010224500430015826000630020130000100026450000480027465000390032265000220036165000440038318388CO-ViMGA141112s2004 ck r 000 u spa d aCO-ViMGAbspacCO-ViMGA04aFr613.62 C6561 aColombia.Ministerio de trabajo y seguridad social, 10aCriando con seguridad ganamos en salud aBogotá, cMinisterio de salud y seguridad social, c2001 a15.p. aEn : Criando con Seguridad ganamos en salud14aAGRICULTURA - MEDIDAS DE SEGURIDAD14aSALUD OCUPACIONAL14aTRABAJOS AGRICOLAS - FACTORES DE RIESGO